| 000 -LEADER |
| fixed length control field |
01325 a2200265 4500 |
| 003 - CONTROL NUMBER IDENTIFIER |
| control field |
NUST |
| 005 - DATE AND TIME OF LATEST TRANSACTION |
| control field |
20221202142637.0 |
| 010 ## - LIBRARY OF CONGRESS CONTROL NUMBER |
| LC control number |
2004296620 |
| 020 ## - INTERNATIONAL STANDARD BOOK NUMBER |
| International Standard Book Number |
0471271802 |
| 035 ## - SYSTEM CONTROL NUMBER |
| System control number |
(OCoLC)ocm53118894 |
| 040 ## - CATALOGING SOURCE |
| Transcribing agency |
Nust |
| 082 00 - DEWEY DECIMAL CLASSIFICATION NUMBER |
| Classification number |
537,PAU |
| 100 1# - MAIN ENTRY--PERSONAL NAME |
| Personal name |
Paul, Clayton R. |
| 9 (RLIN) |
41146 |
| 245 10 - TITLE STATEMENT |
| Title |
Electromagnetics for engineers : |
| Remainder of title |
with applications to digital systems and electromagnetic interference / |
| Statement of responsibility, etc. |
Clayton R. Paul. |
| 260 ## - PUBLICATION, DISTRIBUTION, ETC. |
| Place of publication, distribution, etc. |
Hoboken, NJ : |
| Name of publisher, distributor, etc. |
John Wiley & Sons, |
| Date of publication, distribution, etc. |
c2004. |
| 300 ## - PHYSICAL DESCRIPTION |
| Extent |
xviii, 403 p. : |
| Other physical details |
ill. ; |
| Dimensions |
26 cm. |
| 505 ## - FORMATTED CONTENTS NOTE |
| Formatted contents note |
Introduction (Page-1), Calculation with Vectors (Page-24), Static (DC) Electromagnetic Fields (Page-56), Time-Varying Electromagnetic Fields (Page-142), Wave Propagation Fields (Page-195) ,Transmission Lines (Page-254), Antennas (Page-348), Oblique Incidence of Uniform Plane Waves on Plane Boundaries (Page-393). |
| 650 #0 - SUBJECT ADDED ENTRY--TOPICAL TERM |
| Topical term or geographic name entry element |
Electromagnetic interference. |
| 9 (RLIN) |
55742 |
| 650 #0 - SUBJECT ADDED ENTRY--TOPICAL TERM |
| Topical term or geographic name entry element |
Electromagnetic theory. |
| 9 (RLIN) |
10270 |
| 650 #0 - SUBJECT ADDED ENTRY--TOPICAL TERM |
| Topical term or geographic name entry element |
Electromagnetism. |
| 856 42 - ELECTRONIC LOCATION AND ACCESS |
| Materials specified |
Contributor biographical information |
| Uniform Resource Identifier |
<a href="http://www.loc.gov/catdir/bios/wiley045/2004296620.html">http://www.loc.gov/catdir/bios/wiley045/2004296620.html</a> |
| 856 42 - ELECTRONIC LOCATION AND ACCESS |
| Materials specified |
Publisher description |
| Uniform Resource Identifier |
<a href="http://www.loc.gov/catdir/description/wiley041/2004296620.html">http://www.loc.gov/catdir/description/wiley041/2004296620.html</a> |
| 856 42 - ELECTRONIC LOCATION AND ACCESS |
| Materials specified |
Table of contents |
| Uniform Resource Identifier |
<a href="http://www.loc.gov/catdir/toc/wiley041/2004296620.html">http://www.loc.gov/catdir/toc/wiley041/2004296620.html</a> |
| 942 ## - ADDED ENTRY ELEMENTS (KOHA) |
| Source of classification or shelving scheme |
|
| Koha item type |
Book |
| Call number prefix |
537,PAU |